[Event "1. OEsterreichische Internet Schach Meisterschaft - Vorrunde 1"]
[Site "Online - Playchess.com"]
[Date ""]
[Round "1"]
[Board "1"]
[White "Ragger, Markus"]
[Black "Tischler, Michel"]
[Result "1-0"]
[WhiteElo "2679"]
[BlackElo "1517"]
[PlyCount "57"]
[EventDate "2020.04.11"]
[EventRounds "9"]
[EventCountry "AUT"]

1. e4 e5 2. Nf3 Nc6 3. Bc4 Bc5 4. d3 Nf6 5. O-O d6 6. c3 h6 7. Re1 Be6 8. Bb5
a6 9. Ba4 O-O 10. d4 exd4 11. cxd4 Bb4 12. Nbd2 Bg4 13. Bxc6 bxc6 14. h3 Bxf3
15. Qxf3 Re8 16. a3 Ba5 17. b4 Bb6 18. Bb2 Qd7 19. d5 cxd5 20. Bxf6 gxf6 21.
exd5 Bd4 22. Rad1 Be5 23. Re4 Kh8 24. Qh5 Kg7 25. Rg4+ Kf8 26. Nc4 Ke7 27. Na5
Rg8 28. Nc6+ Ke8 29. Rxg8#  1-0

[Event "1. OEsterreichische Internet Schach Meisterschaft - Vorrunde 1"]
[Site "Online - Playchess.com"]
[Date ""]
[Round "1"]
[Board "2"]
[White "Keim, Philipp"]
[Black "Kilgus, Georg"]
[Result "0-1"]
[WhiteElo "1919"]
[BlackElo "2461"]
[PlyCount "40"]
[EventDate "2020.04.11"]
[EventRounds "9"]
[EventCountry "AUT"]

1. Nf3 c5 2. c4 b6 3. Nc3 Bb7 4. e3 g6 5. b3 Bg7 6. Bb2 Nf6 7. Be2 O-O 8. O-O
d5 9. d4 dxc4 10. Bxc4 Nbd7 11. Re1 a6 12. Be2 b5 13. Rc1 Rc8 14. dxc5 Nxc5 15.
Ba3 Qb6 16. Ne5 Rfd8 17. Qc2 Nfe4 18. Nxe4 Nxe4 19. Qb2 Rxc1 20. Rxc1 Rd2 {Zeit
}  0-1

[Event "1. OEsterreichische Internet Schach Meisterschaft - Vorrunde 1"]
[Site "Online - Playchess.com"]
[Date ""]
[Round "1"]
[Board "3"]
[White "Froewis, Georg"]
[Black "Schein, Alexander"]
[Result "1-0"]
[WhiteElo "2457"]
[BlackElo "1631"]
[PlyCount "57"]
[EventDate "2020.04.11"]
[EventRounds "9"]
[EventCountry "AUT"]

1. Nf3 d5 2. d4 Nf6 3. c4 Bf5 4. Nc3 e6 5. Qb3 b6 6. cxd5 Nxd5 7. e3 Be7 8.
Bb5+ c6 9. Be2 O-O 10. O-O Nd7 11. Bd2 c5 12. Nxd5 exd5 13. Qxd5 Be6 14. Qe4
Nf6 15. Qb1 cxd4 16. Nxd4 Re8 17. Bf3 Rc8 18. Rc1 Bc5 19. Nxe6 Rxe6 20. Bc3 Ne4
21. Bxe4 Rxe4 22. Qxe4 Qg5 23. Rd1 h6 24. g3 h5 25. Rd5 Qh6 26. Rad1 g6 27.
Rd8+ Rxd8 28. Rxd8+ Kh7 29. Rh8#  1-0

[Event "1. OEsterreichische Internet Schach Meisterschaft - Vorrunde 1"]
[Site "Online - Playchess.com"]
[Date ""]
[Round "1"]
[Board "4"]
[White "Enoeckl, Philipp"]
[Black "Schreiner, Peter"]
[Result "1-0"]
[WhiteElo "2276"]
[BlackElo "2440"]
[PlyCount "157"]
[EventDate "2020.04.11"]
[EventRounds "9"]
[EventCountry "AUT"]

1. d4 Nf6 2. Bg5 d5 3. e3 Ne4 4. Bf4 c5 5. Bd3 Nf6 6. c3 Qb6 7. Qb3 c4 8. Qxb6
axb6 9. Bc2 Nc6 10. Na3 Ra5 11. Bc7 Nd7 12. Bd1 e6 13. Nc2 Be7 14. Nf3 O-O 15.
O-O Ra8 16. Be2 b5 17. a3 Nf6 18. Ne5 Nxe5 19. Bxe5 Nd7 20. Bg3 Nb6 21. Rab1
Bd7 22. Bf3 Bc6 23. Rfe1 f5 24. Be5 Rfc8 25. Bd1 Be8 26. f4 Nd7 27. Rf1 Bg6 28.
Bf3 Kf7 29. Kf2 Nxe5 30. dxe5 Bc5 31. Ke2 Ke7 32. Ra1 Be8 33. Nd4 Bd7 34. Kd2
Rg8 35. h4 g6 36. Rh1 h6 37. Ke2 Rg7 38. g3 Kd8 39. Rh2 Kc7 40. Rhh1 Kb6 41.
Nc2 Rag8 42. Rh2 g5 43. hxg5 hxg5 44. Rah1 gxf4 45. gxf4 Bc6 46. Nd4 Bxd4 47.
exd4 Bd7 48. Kf2 Kc6 49. Rh7 Kb6 50. Rxg7 Rxg7 51. Rh6 Kc7 52. Rh8 Kb6 53. Rh6
Ka5 54. Bd1 Kb6 55. Rh2 Kc7 56. Rh4 Kd8 57. Rh3 Ke7 58. Rh6 Be8 59. Bf3 Bd7 60.
Rh8 Bc6 61. Rh6 Kd7 62. Rh8 Kc7 63. Rh6 Bd7 64. Bd1 Kb6 65. Rh4 Re7 66. Rh6 Re8
67. Rh7 Kc6 68. Bh5 Ra8 69. Bf7 Rf8 70. Bh5 Rg8 71. Bf3 Ra8 72. Bh5 b4 73. cxb4
c3 74. b5+ Kc7 75. bxc3 Rxa3 76. Be8 Rxc3 77. Bxd7 Kb6 78. Bxe6 Kxb5 79. Bxd5 {
Pjotr2402 gibt auf}  1-0

[Event "1. OEsterreichische Internet Schach Meisterschaft - Vorrunde 1"]
[Site "Online - Playchess.com"]
[Date ""]
[Round "1"]
[Board "5"]
[White "Schwabeneder, Florian"]
[Black "Kruckenhauser, Arthur"]
[Result "1-0"]
[WhiteElo "2431"]
[BlackElo "2233"]
[PlyCount "73"]
[EventDate "2020.04.11"]
[EventRounds "9"]
[EventCountry "AUT"]

1. e4 c5 2. Nf3 d6 3. c3 Nf6 4. Be2 g6 5. O-O Bg7 6. Bb5+ Bd7 7. Bxd7+ Qxd7 8.
Qe2 O-O 9. d4 e6 10. dxc5 dxc5 11. Na3 Qc7 12. Bg5 Nbd7 13. Rad1 a6 14. Nc4 b5
15. Nd6 h6 16. Bh4 Qa5 17. a3 Ra7 18. Rfe1 c4 19. e5 Nd5 20. Rxd5 exd5 21. e6
fxe6 22. Qxe6+ Kh7 23. Be7 Rxf3 24. gxf3 Ne5 25. Rxe5 Bxe5 26. Qf7+ Kh8 27.
Qf8+ Kh7 28. Qf7+ Kh8 29. Bf6+ Bxf6 30. Qxa7 Qa4 31. Qf7 Qd1+ 32. Kg2 Bg7 33.
Ne8 Be5 34. Qf8+ Kh7 35. Qe7+ Kg8 36. Qxe5 Qd3 37. Qg7#  1-0

[Event "1. OEsterreichische Internet Schach Meisterschaft - Vorrunde 1"]
[Site "Online - Playchess.com"]
[Date ""]
[Round "1"]
[Board "6"]
[White "Putz, Georg"]
[Black "Schnider, Gert"]
[Result "1/2-1/2"]
[WhiteElo "2071"]
[BlackElo "2423"]
[PlyCount "136"]
[EventDate "2020.04.11"]
[EventRounds "9"]
[EventCountry "AUT"]

1. e4 e5 2. Nf3 Nc6 3. Bb5 a6 4. Ba4 Nf6 5. O-O Be7 6. c3 Nxe4 7. Re1 Nc5 8.
Bxc6 dxc6 9. Nxe5 O-O 10. d4 Ne6 11. Nd2 c5 12. dxc5 Nxc5 13. Ndf3 Bf6 14. Be3
Ne6 15. Qc2 c6 16. Rad1 Qc7 17. Ng4 Be7 18. Nge5 a5 19. a4 b6 20. Qe4 Bf6 21.
Ng4 Be7 22. Nge5 Bd6 23. Nc4 Bc5 24. Bxc5 Nxc5 25. Qc2 Bg4 26. Nce5 Bxf3 27.
Nxf3 Rad8 28. g3 h6 29. h4 Rxd1 30. Rxd1 Re8 31. Kg2 Qe7 32. Re1 Qd7 33. Rxe8+
Qxe8 34. b4 Ne6 35. bxa5 bxa5 36. Qe4 Qd7 37. Nd4 Nxd4 38. cxd4 Kf8 39. Qe5
Qd5+ 40. Qxd5 cxd5 41. Kf3 Ke7 42. Kf4 Ke6 43. g4 g6 44. f3 f6 45. Ke3 f5 46.
Kf4 fxg4 47. fxg4 Kf6 48. Kf3 g5 49. Kg3 Kg6 50. Kh3 Kf6 51. Kg3 Kg6 52. hxg5
hxg5 53. Kf3 Kf6 54. Ke3 Ke6 55. Kf3 Kf6 56. Kg3 Ke6 57. Kg2 Kf6 58. Kf1 Ke6
59. Ke2 Kf6 60. Kd1 Ke6 61. Kc2 Kf6 62. Kb3 Ke6 63. Kc3 Kf6 64. Kd2 Ke6 65. Ke3
Kf6 66. Kf2 Ke6 67. Kg1 Kf6 68. Kh2 Ke6  1/2-1/2

[Event "1. OEsterreichische Internet Schach Meisterschaft - Vorrunde 1"]
[Site "Online - Playchess.com"]
[Date ""]
[Round "1"]
[Board "7"]
[White "Schroll, Gerhard"]
[Black "Poetz, Florian"]
[Result "1/2-1/2"]
[WhiteElo "2321"]
[BlackElo "2422"]
[PlyCount "140"]
[EventDate "2020.04.11"]
[EventRounds "9"]
[EventCountry "AUT"]

1. e4 c5 2. c3 d5 3. exd5 Qxd5 4. d4 Nf6 5. Nf3 e6 6. Na3 Nc6 7. Nb5 Qd8 8.
dxc5 Bxc5 9. Qxd8+ Kxd8 10. Bg5 a6 11. Rd1+ Ke7 12. Nbd4 Nxd4 13. Nxd4 Bd7 14.
Be2 h6 15. Be3 e5 16. Nf5+ Bxf5 17. Bxc5+ Ke8 18. O-O Rd8 19. Bf3 e4 20. Be2
Be6 21. b3 Nd5 22. Bd4 f6 23. Rfe1 Kf7 24. Bf1 f5 25. f3 exf3 26. gxf3 Rhe8 27.
Kf2 g6 28. Re5 Nf4 29. Rde1 Bd7 30. Bc4+ Kf8 31. Rxe8+ Rxe8 32. Rxe8+ Kxe8 33.
Bg7 h5 34. Be5 Ne6 35. f4 Ke7 36. Ke3 Bc6 37. b4 Be4 38. a4 Nd8 39. Bd4 Ne6 40.
Bh8 Bc2 41. a5 Be4 42. Be5 Kd7 43. Bb3 Ke7 44. c4 g5 45. fxg5 Nxg5 46. c5 Ne6
47. Bd6+ Kd7 48. h4 Bc6 49. Bd1 f4+ 50. Bxf4 Ng7 51. Bg5 Ke6 52. Kf4 Bg2 53.
Bh6 Ne8 54. Bxh5 Nf6 55. Bf3 Nd5+ 56. Kg3 Bxf3 57. Kxf3 Nxb4 58. h5 Nd3 59. Be3
Kf5 60. h6 Kg6 61. Ke4 Nb4 62. Ke5 Nc6+ 63. Kd6 Nxa5 64. Kc7 Nc4 65. Bc1 a5 66.
Kxb7 a4 67. c6 Na5+ 68. Kb6 Nxc6 69. Kxc6 a3 70. Bxa3 Kxh6  1/2-1/2

[Event "1. OEsterreichische Internet Schach Meisterschaft - Vorrunde 1"]
[Site "Online - Playchess.com"]
[Date ""]
[Round "1"]
[Board "8"]
[White "Halvax, Georg"]
[Black "Stolzlechner, Thomas"]
[Result "1-0"]
[WhiteElo "2416"]
[BlackElo "2037"]
[PlyCount "35"]
[EventDate "2020.04.11"]
[EventRounds "9"]
[EventCountry "AUT"]

1. d4 d5 2. c4 c6 3. Nf3 Nf6 4. e3 e6 5. Nc3 Nbd7 6. Qc2 Bd6 7. g4 dxc4 8. e4
b5 9. e5 Nd5 10. exd6 b4 11. Ne4 Qa5 12. Bd2 c3 13. bxc3 bxc3 14. Nxc3 Nxc3 15.
Qxc3 Qd5 16. Bg2 Qxd6 17. Ne5 Ba6 18. Qxc6 {Gansss gibt auf}  1-0

[Event "1. OEsterreichische Internet Schach Meisterschaft - Vorrunde 1"]
[Site "Online - Playchess.com"]
[Date ""]
[Round "1"]
[Board "9"]
[White "Streiter, Gerhard"]
[Black "Schneider-Zinner, Harald"]
[Result "0-1"]
[WhiteElo "1964"]
[BlackElo "2381"]
[PlyCount "28"]
[EventDate "2020.04.11"]
[EventRounds "9"]
[EventCountry "AUT"]

1. e4 e5 2. Bc4 Nf6 3. d3 c6 4. Nf3 Be7 5. Nxe5 Qa5+ 6. Bd2 Qxe5 7. f4 Qh5 8.
Qc1 d5 9. exd5 cxd5 10. Bb5+ Bd7 11. Bxd7+ Nbxd7 12. O-O O-O 13. Nc3 Bc5+ 14.
Kh1 Ng4 {Erselba gibt auf}  0-1

[Event "1. OEsterreichische Internet Schach Meisterschaft - Vorrunde 1"]
[Site "Online - Playchess.com"]
[Date ""]
[Round "1"]
[Board "11"]
[White "Platzgummer, Fabian"]
[Black "Poecksteiner, Johann"]
[Result "1-0"]
[WhiteElo "2336"]
[BlackElo "2155"]
[PlyCount "105"]
[EventDate "2020.04.11"]
[EventRounds "9"]
[EventCountry "AUT"]

1. Nf3 Nf6 2. c4 c5 3. Nc3 Nc6 4. d3 d6 5. g3 g6 6. Bg2 Bg7 7. O-O O-O 8. Ne1
a6 9. Nc2 Bd7 10. a3 Rb8 11. Bd2 b5 12. cxb5 axb5 13. b4 cxb4 14. Nxb4 Nxb4 15.
axb4 Ng4 16. Ra5 Qc7 17. Nd5 Qd8 18. Bg5 f6 19. Bd2 Ne5 20. Qb3 Kh8 21. Rc1 Nc6
22. Ra6 Nd4 23. Qd1 Bg4 24. f3 Bc8 25. Ra7 Rb7 26. Ra8 Qd7 27. e3 Nc6 28. f4
Rb8 29. Nxf6 Bxf6 30. Bxc6 Qc7 31. Rxb8 Qxb8 32. Qb3 Bg4 33. Kg2 Qc8 34. Kg1
Qb8 35. Bd5 Qa7 36. Kg2 Qd7 37. Kg1 h5 38. Bc6 Qa7 39. Bxb5 h4 40. Bc6 Kg7 41.
b5 hxg3 42. hxg3 Qb6 43. Kg2 Rc8 44. Qd5 Rh8 45. Rh1 Rxh1 46. Kxh1 Qa7 47. Qb3
Qa1+ 48. Kg2 g5 49. fxg5 Be5 50. b6 d5 51. Qxd5 Bxg3 52. Kxg3 Qg1+ 53. Qg2  1-0

[Event "1. OEsterreichische Internet Schach Meisterschaft - Vorrunde 1"]
[Site "Online - Playchess.com"]
[Date ""]
[Round "1"]
[Board "12"]
[White "Brehovsky, Paul"]
[Black "Hechl, Gerald"]
[Result "1-0"]
[WhiteElo "2149"]
[BlackElo "2333"]
[PlyCount "81"]
[EventDate "2020.04.11"]
[EventRounds "9"]
[EventCountry "AUT"]

1. d4 b6 2. e4 Bb7 3. Bd3 g6 4. h4 h6 5. h5 g5 6. f4 Bg7 7. fxg5 hxg5 8. c3 e6
9. Qe2 d6 10. Na3 Nd7 11. Bd2 Qe7 12. O-O-O O-O-O 13. Kb1 Nh6 14. g3 f5 15. Nh3
Bf6 16. Rhf1 fxe4 17. Bxe4 d5 18. Bd3 Rdf8 19. Rde1 e5 20. dxe5 Qxe5 21. Bg6
Qxe2 22. Rxe2 Ne5 23. Nxg5 Ba6 24. c4 Nxc4 25. Rxf6 Rxf6 26. Nxc4 Bxc4 27. Re7
Rhf8 28. Bf4 Rc6 29. Ne6 Rh8 30. Nxc7 Rg8 31. b3 Be2 32. Nxd5 Rgxg6 33. hxg6
Bd3+ 34. Kb2 Rc2+ 35. Ka3 Nf5 36. Rxa7 Kd8 37. g7 Nxg7 38. Rxg7 Bb5 39. Nxb6
Bc6 40. Nc4 Rf2 41. Bg5+ {Drawgerry gibt auf}  1-0

[Event "1. OEsterreichische Internet Schach Meisterschaft - Vorrunde 1"]
[Site "Online - Playchess.com"]
[Date ""]
[Round "1"]
[Board "13"]
[White "Mostbauer, Florian"]
[Black "Wukits, Rene"]
[Result "1/2-1/2"]
[WhiteElo "2309"]
[BlackElo "2312"]
[PlyCount "151"]
[EventDate "2020.04.11"]
[EventRounds "9"]
[EventCountry "AUT"]

1. c4 b6 2. g3 Bb7 3. Nf3 c5 4. Bg2 Nf6 5. O-O e6 6. b3 Be7 7. Bb2 O-O 8. Nc3
d6 9. e3 a6 10. d4 cxd4 11. exd4 Nbd7 12. Re1 Re8 13. d5 e5 14. h4 Bf8 15. Ng5
h6 16. Nge4 Nxe4 17. Bxe4 Nf6 18. Bg2 Bc8 19. Qd2 Bf5 20. Ne4 Nxe4 21. Bxe4
Bxe4 22. Rxe4 f5 23. Re2 Qc7 24. Rae1 b5 25. f4 e4 26. Rc1 bxc4 27. Rxc4 Qf7
28. Qd4 Qg6 29. Kh2 Rac8 30. Rc6 Be7 31. Rec2 Rcd8 32. Rc7 Bf6 33. Qc4 Bxb2 34.
Rxb2 e3 35. Re2 Re4 36. Qxa6 Qg4 37. Rc8 Rxc8 38. Qxc8+ Kh7 39. Qc2 Qf3 40. a4
Kg6 41. a5 Kh5 42. Qd1 Kg4 43. Qe1 g5 44. hxg5 hxg5 45. fxg5 Re7 46. Qb4+ Re4
47. Qe1 Kxg5 48. Kg1 Rg4 49. Rxe3 Qxd5 50. Re8 Qc5+ 51. Qe3+ Qxe3+ 52. Rxe3 f4
53. Rd3 fxg3 54. a6 Kf5 55. a7 Rg8 56. Rxd6 Ra8 57. Rd7 Ke6 58. Rg7 Kd6 59. Kg2
Kc6 60. Kxg3 Kb6 61. Kf4 Rxa7 62. Rxa7 Kxa7 63. Ke5 Kb6 64. Kd4 Kb5 65. Kc3 Kc5
66. b4+ Kb5 67. Kb3 Kb6 68. Kc4 Kc6 69. b5+ Kb6 70. Kb4 Kb7 71. Kc5 Kc7 72. b6+
Kb7 73. Kb5 Kb8 74. Kc6 Kc8 75. b7+ Kb8 76. Kb6  1/2-1/2

[Event "1. OEsterreichische Internet Schach Meisterschaft - Vorrunde 1"]
[Site "Online - Playchess.com"]
[Date ""]
[Round "1"]
[Board "14"]
[White "Mira, Helene"]
[Black "Rieger, Robert"]
[Result "0-1"]
[WhiteElo "2082"]
[BlackElo "2307"]
[PlyCount "120"]
[EventDate "2020.04.11"]
[EventRounds "9"]
[EventCountry "AUT"]

1. d4 d5 2. c4 c6 3. Nf3 Nf6 4. Nc3 dxc4 5. e4 b5 6. e5 Nd5 7. Ne4 a5 8. Bg5
Qb6 9. Be2 Bf5 10. Ng3 Bg6 11. h4 h6 12. Bd2 e6 13. h5 Bh7 14. O-O Nd7 15. a4
Be7 16. Rc1 Bb4 17. Re1 Rd8 18. Bf1 Bxd2 19. Qxd2 Nb4 20. Ne4 Bxe4 21. Rxe4 O-O
22. Rg4 Kh8 23. Qf4 Nd5 24. Qg3 Rg8 25. Nd2 f5 26. Rg6 Nf8 27. Nf3 Nxg6 28.
Qxg6 Nf4 29. Qg3 Nxh5 30. Qh2 g6 31. Rd1 Kh7 32. Be2 Qc7 33. Nh4 Qf7 34. g4
fxg4 35. Bxg4 Nf4 36. Qg3 h5 37. Bf3 g5 38. Ng2 Nxg2 39. Qxg2 Kh6 40. Bxc6 b4
41. Be4 Qf4 42. Qf3 Rgf8 43. Qxf4 Rxf4 44. f3 g4 45. Kg2 gxf3+ 46. Bxf3 Rdxd4
47. Rh1 Rd2+ 48. Kg3 Rxf3+ 49. Kxf3 Rxb2 50. Rd1 c3 51. Rd6 c2 52. Rxe6+ Kg7
53. Rc6 b3 54. Ke4 Rb1 55. Rc7+ Kg6 56. Rc6+ Kg5 57. Kd5 c1=Q 58. Ra6 Qd2+ 59.
Ke6 Re1 60. Rxa5 Qxa5 {Mira gibt auf}  0-1

[Event "1. OEsterreichische Internet Schach Meisterschaft - Vorrunde 1"]
[Site "Online - Playchess.com"]
[Date ""]
[Round "1"]
[Board "15"]
[White "Wohlfahrt, Herbert"]
[Black "Brod, Manfred"]
[Result "1-0"]
[WhiteElo "2285"]
[BlackElo "2211"]
[PlyCount "109"]
[EventDate "2020.04.11"]
[EventRounds "9"]
[EventCountry "AUT"]

1. Nf3 c5 2. c4 Nc6 3. g3 e5 4. Bg2 e4 5. Nh4 g5 6. Nf5 d5 7. cxd5 Qxd5 8. Ne3
Qe6 9. Nc3 f5 10. d3 Nf6 11. dxe4 fxe4 12. Ned5 Nxd5 13. Nxd5 Bd6 14. Bxg5 O-O
15. O-O Nd4 16. Nc3 Qg6 17. Qd2 Bf5 18. Bf4 Rad8 19. Bxd6 Rxd6 20. Qf4 Rdf6 21.
Qc7 b6 22. Nd5 R6f7 23. Ne7+ Rxe7 24. Qxe7 Nxe2+ 25. Kh1 Nd4 26. Rae1 Nf3 27.
Re3 Bg4 28. Qxe4 Nd2 29. Qxg6+ hxg6 30. Rfe1 Rxf2 31. Bd5+ Kg7 32. a4 c4 33.
Bg2 Nf3 34. Rf1 Rxb2 35. Bxf3 Bh3 36. Rc1 b5 37. axb5 Rxb5 38. Rec3 Be6 39. Bg2
Rb2 40. Kg1 a5 41. Bf1 Bd5 42. Rd1 Be6 43. Bxc4 Bg4 44. Re1 Bf3 45. Bf1 Bd5 46.
Ra3 Kh6 47. Rea1 a4 48. Rxa4 Bf7 49. R4a3 Bd5 50. Re3 Bc6 51. Re2 Rb3 52. Rf2
Bd5 53. Rd1 Bc6 54. Rd6 Rc3 55. Rff6 {Zeit}  1-0

[Event "1. OEsterreichische Internet Schach Meisterschaft - Vorrunde 1"]
[Site "Online - Playchess.com"]
[Date ""]
[Round "1"]
[Board "16"]
[White "Steirer, Gerhard"]
[Black "Dietmayer-Kraeutler, Marco"]
[Result "0-1"]
[WhiteElo "1854"]
[BlackElo "2284"]
[PlyCount "100"]
[EventDate "2020.04.11"]
[EventRounds "9"]
[EventCountry "AUT"]

1. e4 d5 2. exd5 Qxd5 3. Nc3 Qa5 4. d4 Nf6 5. Bd2 c6 6. Nf3 Bg4 7. Bd3 e6 8.
Ne4 Qd8 9. c3 Nbd7 10. O-O Nxe4 11. Bxe4 Nf6 12. Bc2 Bd6 13. h3 Bh5 14. Bg5 h6
15. Bh4 Qc7 16. Qd3 g5 17. Bg3 Bxg3 18. fxg3 Qxg3 19. Ne5 Qxd3 20. Bxd3 Nd7 21.
Nc4 Ke7 22. Rae1 Rhg8 23. g4 Bg6 24. Bxg6 Rxg6 25. Ne5 Nxe5 26. Rxe5 Rf6 27.
Rfe1 Rf4 28. Kg2 b6 29. Kg3 Rf6 30. Kg2 Kd6 31. b3 a5 32. a3 a4 33. b4 b5 34.
Kg3 Rg8 35. R5e4 Rf8 36. Re5 Rg6 37. h4 gxh4+ 38. Kxh4 Rfg8 39. R5e4 Rg5 40.
Re5 Rxg4+ 41. Kh3 Rg3+ 42. Kh2 Rxc3 43. R1e3 Rc2+ 44. Kh3 Rgg2 45. Kh4 Rh2+ 46.
Kg3 Rcg2+ 47. Kf4 Rh4+ 48. Kf3 Rd2 49. R5e4 Rxd4 50. Rxh4 Rxh4  0-1

[Event "1. OEsterreichische Internet Schach Meisterschaft - Vorrunde 1"]
[Site "Online - Playchess.com"]
[Date ""]
[Round "1"]
[Board "17"]
[White "Gall, Bernhard"]
[Black "Belke, Frank"]
[Result "0-1"]
[WhiteElo "1244"]
[BlackElo "2273"]
[PlyCount "46"]
[EventDate "2020.04.11"]
[EventRounds "9"]
[EventCountry "AUT"]

1. e4 e6 2. Nf3 d5 3. exd5 exd5 4. d4 Nc6 5. Nc3 Bb4 6. Bb5 Nge7 7. O-O Bf5 8.
Bg5 f6 9. Bf4 O-O 10. a3 Bd6 11. Bxd6 Qxd6 12. Qd2 Ng6 13. Rfe1 Rae8 14. Rxe8
Rxe8 15. Re1 Rxe1+ 16. Qxe1 Bxc2 17. Qe8+ Nf8 18. Qh5 Ne7 19. Nh4 c6 20. Be2
Nfg6 21. Nf5 Bxf5 22. Bg4 Qe6 23. g3 Bxg4  0-1

[Event "1. OEsterreichische Internet Schach Meisterschaft - Vorrunde 1"]
[Site "Online - Playchess.com"]
[Date ""]
[Round "1"]
[Board "18"]
[White "Neuschmied, Siegfried"]
[Black "Pernerstorfer, Markus"]
[Result "1-0"]
[WhiteElo "2268"]
[BlackElo "1582"]
[PlyCount "59"]
[EventDate "2020.04.11"]
[EventRounds "9"]
[EventCountry "AUT"]

1. e4 e5 2. Nf3 Nc6 3. d4 exd4 4. Nxd4 Bc5 5. Nb3 Bb6 6. Nc3 Nge7 7. Qe2 d6 8.
Be3 Bxe3 9. Qxe3 a5 10. a4 O-O 11. O-O-O Ng6 12. f4 Bg4 13. Rd2 Nb4 14. Bc4 Qf6
15. g3 Bd7 16. Nd4 Bc6 17. Re1 Rfe8 18. Nxc6 bxc6 19. Qd4 Qxd4 20. Rxd4 d5 21.
Bf1 c5 22. Rdd1 d4 23. Nb5 c6 24. Nc7 Rec8 25. Nxa8 Rxa8 26. Bc4 Ne7 27. c3
dxc3 28. bxc3 Na6 29. Bxa6 Rxa6 30. Rd8#  1-0

[Event "1. OEsterreichische Internet Schach Meisterschaft - Vorrunde 1"]
[Site "Online - Playchess.com"]
[Date ""]
[Round "1"]
[Board "19"]
[White "Huber, Guenther"]
[Black "Peyrer, Konstantin"]
[Result "0-1"]
[WhiteElo "1979"]
[BlackElo "2265"]
[PlyCount "148"]
[EventDate "2020.04.11"]
[EventRounds "9"]
[EventCountry "AUT"]

1. c4 Nf6 2. g3 g6 3. Bg2 Bg7 4. Nc3 O-O 5. e4 e5 6. Nge2 d6 7. O-O c6 8. d3 a6
9. h3 b5 10. Be3 Nbd7 11. Kh2 Bb7 12. b3 Nc5 13. Rc1 Ne6 14. Qd2 d5 15. cxd5
cxd5 16. exd5 Nxd5 17. Nxd5 Bxd5 18. Nc3 Bxg2 19. Kxg2 f5 20. f4 exf4 21. Bxf4
Nxf4+ 22. Qxf4 Rc8 23. Qd2 Qd4 24. Ne2 Qd5+ 25. Kh2 Rxc1 26. Rxc1 Re8 27. Nf4
Qd6 28. Re1 Rxe1 29. Qxe1 Be5 30. Qe3 Kg7 31. Kg2 Qc6+ 32. Qf3 Qc2+ 33. Qe2
Qxe2+ 34. Nxe2 Kf6 35. Kf3 Ke6 36. d4 Bf6 37. Ke3 Kd6 38. Kd3 g5 39. Nc3 h5 40.
Nd1 Ke6 41. Ne3 Be7 42. Nc2 Bd6 43. g4 fxg4 44. hxg4 h4 45. Ke2 Kd5 46. Kf3 h3
47. a3 h2 48. Kg2 Ke4 49. b4 Bf4 50. Ne1 Kxd4 51. Nf3+ Ke4 52. Nxh2 Bxh2 53.
Kxh2 Kf4 54. Kh3 Kf3 55. Kh2 Kxg4 56. Kg2 Kf4 57. Kh3 g4+ 58. Kg2 Ke4 59. Kg3
Kd4 60. Kxg4 Kc3 61. Kf3 Kb3 62. Ke3 Kxa3 63. Kd2 Kxb4 64. Kc2 a5 65. Kb2 a4
66. Ka2 a3 67. Kb1 Ka4 68. Ka2 b4 69. Ka1 b3 70. Kb1 Kb4 71. Ka1 Kc3 72. Kb1
a2+ 73. Ka1 b2+ 74. Kxa2 Kc2 {Austria gibt auf}  0-1

[Event "1. OEsterreichische Internet Schach Meisterschaft - Vorrunde 1"]
[Site "Online - Playchess.com"]
[Date ""]
[Round "1"]
[Board "20"]
[White "Breneis, Lukas"]
[Black "Gallob, Marko"]
[Result "1-0"]
[WhiteElo "2257"]
[BlackElo "1961"]
[PlyCount "101"]
[EventDate "2020.04.11"]
[EventRounds "9"]
[EventCountry "AUT"]

1. e4 e6 2. Qe2 Nf6 3. Nc3 d5 4. d3 c5 5. g3 Bd7 6. Bg2 d4 7. Nd1 Be7 8. f4 Nc6
9. Nf3 O-O 10. Nf2 Qc7 11. g4 Ne8 12. f5 e5 13. g5 f6 14. h4 Kh8 15. h5 fxg5
16. Bxg5 Nf6 17. h6 g6 18. fxg6 hxg6 19. h7 Rf7 20. Nh4 Rg7 21. Bh6 Rxh7 22.
Nxg6+ Kg8 23. O-O-O Bd8 24. Bf3 Kf7 25. Rdg1 Ng8 26. Qd2 Bf6 27. Ng4 Bg7 28.
Bxg7 Rxg7 29. Nh6+ Ke8 30. Nh8 Rxg1+ 31. Rxg1 Bh3 32. Rxg8+ Ke7 33. Rg7+ Kd8
34. Rxc7 Kxc7 35. N8f7 Rf8 36. Bh5 Ne7 37. Qg5 Kd7 38. Qg7 Re8 39. Nxe5+ Kd8
40. Bxe8 Kxe8 41. Nf5 Bxf5 42. exf5 Nxf5 43. Qd7+ Kf8 44. Qxf5+ Ke7 45. Nc4 b5
46. Qxc5+ Kf6 47. Qxb5 Kg6 48. Qa6+ Kf5 49. Qxa7 Kg4 50. Qxd4+ Kf3 51. a4 {
MarkoG29 gibt auf}  1-0

[Event "1. OEsterreichische Internet Schach Meisterschaft - Vorrunde 1"]
[Site "Online - Playchess.com"]
[Date ""]
[Round "1"]
[Board "21"]
[White "Ploeckinger, Paul"]
[Black "Perhinig, Robert"]
[Result "0-1"]
[WhiteElo "1334"]
[BlackElo "2252"]
[PlyCount "112"]
[EventDate "2020.04.11"]
[EventRounds "9"]
[EventCountry "AUT"]

1. b3 Nf6 2. Bb2 d5 3. d3 g6 4. Nd2 Bg7 5. Rb1 O-O 6. e4 c5 7. exd5 Qxd5 8. Qf3
Qd7 9. g3 Nc6 10. Bh3 Qc7 11. Ne4 Nxe4 12. Qxe4 Bxb2 13. Rxb2 Nd4 14. c3 Qa5
15. b4 Qa3 16. cxd4 Qxb2 17. dxc5 Bxh3 18. Nxh3 Qc1+ 19. Ke2 Qc2+ 20. Kf3 Rad8
21. Re1 Qxd3+ 22. Kg2 Qxe4+ 23. Rxe4 e6 24. Nf4 Rd2 25. Re2 Rxe2 26. Nxe2 Rd8
27. Kf3 Rd3+ 28. Ke4 Ra3 29. Nd4 Rxa2 30. Ke3 a6 31. b5 axb5 32. Nxb5 Rc2 33.
Nd6 Rxc5 34. Nxb7 Rd5 35. Ke4 f5+ 36. Ke3 Kf7 37. f4 Ke7 38. g4 Rb5 39. gxf5
gxf5 40. Nc5 Rxc5 41. Kd4 Rd5+ 42. Ke3 Kf6 43. h4 h5 44. Kf3 e5 45. fxe5+ Kxe5
46. Ke3 Rd4 47. Kf3 Rxh4 48. Kg3 Re4 49. Kf3 h4 50. Kg2 Kf4 51. Kh2 Kg4 52. Kg2
Re2+ 53. Kh1 Ra2 54. Kg1 Kf3 55. Kh1 Kg3 56. Kg1 Ra1#  0-1

[Event "1. OEsterreichische Internet Schach Meisterschaft - Vorrunde 1"]
[Site "Online - Playchess.com"]
[Date ""]
[Round "1"]
[Board "22"]
[White "Kellner, Nikolaus"]
[Black "Hiermann, Dietmar"]
[Result "0-1"]
[WhiteElo "1685"]
[BlackElo "2250"]
[PlyCount "70"]
[EventDate "2020.04.11"]
[EventRounds "9"]
[EventCountry "AUT"]

1. g4 d5 2. h3 c6 3. d4 Nd7 4. Nc3 e5 5. dxe5 Nxe5 6. Nf3 Nxf3+ 7. exf3 Bd6 8.
Bg2 f5 9. Qe2+ Qe7 10. Bd2 Qxe2+ 11. Nxe2 Ne7 12. O-O-O O-O 13. Bf4 Bxf4+ 14.
Nxf4 fxg4 15. Rhe1 gxf3 16. Rxe7 Rxf4 17. Re8+ Rf8 18. Rxf8+ Kxf8 19. Bxf3 Bxh3
20. Rh1 Bf5 21. Be2 h6 22. Bd3 Bxd3 23. cxd3 Re8 24. Kd2 Kf7 25. Rh3 Re6 26.
Re3 Rxe3 27. Kxe3 Ke6 28. Kf4 c5 29. Kg4 g6 30. f3 Kf6 31. Kf4 g5+ 32. Kg4 Kg6
33. Kg3 Kf5 34. b3 a5 35. a4 b6 {Zeit}  0-1

[Event "1. OEsterreichische Internet Schach Meisterschaft - Vorrunde 1"]
[Site "Online - Playchess.com"]
[Date ""]
[Round "1"]
[Board "23"]
[White "Pirker, Christian"]
[Black "Pali, Philipp"]
[Result "0-1"]
[WhiteElo "2167"]
[BlackElo "2245"]
[PlyCount "82"]
[EventDate "2020.04.11"]
[EventRounds "9"]
[EventCountry "AUT"]

1. e4 e6 2. d3 d5 3. Nd2 Nf6 4. Ngf3 c5 5. Be2 Nc6 6. O-O Be7 7. c3 O-O 8. a4
b6 9. Re1 Bb7 10. Qc2 Qc7 11. Nf1 a6 12. Ne3 b5 13. exd5 Nxd5 14. Nxd5 exd5 15.
axb5 axb5 16. Rxa8 Rxa8 17. d4 c4 18. b4 h6 19. g3 Bc8 20. Bf4 Qa7 21. Bf1 Be6
22. Bg2 Qa2 23. Qxa2 Rxa2 24. h3 Rc2 25. Rc1 Ra2 26. g4 g5 27. Bc7 f6 28. Nh2
Kf7 29. Nf1 Bxb4 30. cxb4 Nxd4 31. Re1 Nc2 32. Rc1 d4 33. Bb6 d3 34. Be3 c3 35.
Be4 Nxe3 36. fxe3 d2 37. Rd1 Bb3 38. Bf3 Bxd1 39. Bxd1 c2 40. Bf3 d1=Q 41. Bxd1
cxd1=Q  0-1